000 00260nam a2200097Ia 4500
082 _aEF HUDS
245 0 _aTop secret rendezvous
100 _a HUDSON-SMITH, Linda Washington DC, 2003
_978326
942 _cBK
008 210817s9999 xx 000 0 und d
999 _c394174
_d394173